Aesthetics and ethics : essays at the intersection / (Record no. 962)

000 -LEADER
fixed length control field 01323cam a2200325 a 4500
001 - CONTROL NUMBER
control field 1653138
003 - CONTROL NUMBER IDENTIFIER
control field OSt
005 - DATE AND TIME OF LATEST TRANSACTION
control field 20140116120842.0
008 - FIXED-LENGTH DATA ELEMENTS--GENERAL INFORMATION
fixed length control field 970508s1998 enka b 001 0 eng
010 ## - LIBRARY OF CONGRESS CONTROL NUMBER
LC control number 97021284
020 ## - INTERNATIONAL STANDARD BOOK NUMBER
International Standard Book Number 0521585139 (hardcover)
040 ## - CATALOGING SOURCE
Original cataloging agency DLC
Transcribing agency DLC
Modifying agency DLC
050 00 - LIBRARY OF CONGRESS CALL NUMBER
Classification number BH39.A288 1998
082 00 - DEWEY DECIMAL CLASSIFICATION NUMBER
Classification number 111/.85
Edition number 21
245 00 - TITLE STATEMENT
Title Aesthetics and ethics : essays at the intersection /
Statement of responsibility, etc edited by Jerrold Levinson.
260 ## - PUBLICATION, DISTRIBUTION, ETC. (IMPRINT)
Place of publication, distribution, etc Cambridge, U.K. ;
-- New York :
Name of publisher, distributor, etc Cambridge University Press,
Date of publication, distribution, etc 1998.
300 ## - PHYSICAL DESCRIPTION
Extent viii, 328 p. :
Other physical details ill. ;
Dimensions 24 cm.
440 #0 - SERIES STATEMENT/ADDED ENTRY--TITLE
Title Cambridge studies in philosophy and the arts
500 ## - GENERAL NOTE
General note Six papers delivered at a conference organzied at University of Maryland, College Park, Apr. 1994
504 ## - BIBLIOGRAPHY, ETC. NOTE
Bibliography, etc Includes bibliographical references (p. 315-323) and index.
650 #0 - SUBJECT ADDED ENTRY--TOPICAL TERM
Topical term or geographic name as entry element Aesthetics.
650 #0 - SUBJECT ADDED ENTRY--TOPICAL TERM
Topical term or geographic name as entry element Ethics.
650 #0 - SUBJECT ADDED ENTRY--TOPICAL TERM
Topical term or geographic name as entry element Art
General subdivision Moral and ethical aspects.
700 1# - ADDED ENTRY--PERSONAL NAME
Personal name Levinson, Jerrold.
856 42 - ELECTRONIC LOCATION AND ACCESS
Materials specified Publisher description
Uniform Resource Identifier <a href="http://www.loc.gov/catdir/description/cam028/97021284.html">http://www.loc.gov/catdir/description/cam028/97021284.html</a>
856 41 - ELECTRONIC LOCATION AND ACCESS
Materials specified Table of contents
Uniform Resource Identifier <a href="http://www.loc.gov/catdir/toc/cam025/97021284.html">http://www.loc.gov/catdir/toc/cam025/97021284.html</a>
906 ## - LOCAL DATA ELEMENT F, LDF (RLIN)
a 7
b cbc
c orignew
d 1
e ocip
f 19
g y-gencatlg
942 ## - ADDED ENTRY ELEMENTS (KOHA)
Source of classification or shelving scheme
Koha item type Book
Holdings
Withdrawn status Lost status Source of classification or shelving scheme Damaged status Not for loan Home library Current library Date acquired Total Checkouts Full call number Barcode Date last seen Date checked out Copy number Price effective from Koha item type Total Renewals
          Riara University Library Riara University Library 02/07/2012 3 BH39.A288 1998 3427/12 11/04/2015 09/03/2015 C.1 02/07/2012 Book  
          Riara University Library Riara University Library 02/07/2012 2 BH39.A288 1998 3428/12 11/10/2016 20/06/2016 C.2 02/07/2012 Book 1
          Riara University Library Riara University Library 02/07/2012 8 BH39.A288 1998 3426/12 06/02/2018 12/01/2018 C.3 02/07/2012 Book  

Riara University Library,
P.O. Box 49940-00100,
Nairobi, Kenya.